| 000 | 00394nmm a2200145Ia 4500 | ||
|---|---|---|---|
| 008 | 160701s9999||||xx |||||||||||||||||und|| | ||
| 020 | _a9781555810672 | ||
| 020 | _a9781555818364 | ||
| 041 | _aEnglish | ||
| 100 | _aWachsmuth, Blake, Olsvik | ||
| 245 | _aVibrio cholerae and Cholera | ||
| 260 | _c1994 | ||
| 856 | _uhttp://www.asmscience.org/content/book/10.1128/9781555818364 | ||
| 942 | _cEB | ||
| 999 |
_c24291 _d24291 |
||